000 00738nam a22002297a 4500
005 20251108175958.0
008 250721s2024 xx 000 0 ara d
082 1 4 _a327.11/هير
100 1 _aحسن، أحمد
_eمترجم
245 1 0 _aسياسات الابادة الجماعية /
264 1 _aالقاهرة :
_bعصير الكتب،
_c2024.
300 _a207ص.
650 1 7 _aالسياسة الدولية
650 1 7 _aالاعلام
650 1 7 _aالاحوال السياسية
650 1 7 _aالولايات المتحدة الامريكية
650 1 7 _aالابادة الجماعية
650 1 7 _aتزييف الحقائق
700 1 _aهيرمان، ادوارد
942 _2ddc
_cBK
999 _c146924
_d146924